000 00523nam a2200193Ia 4500
005 20260120130543.0
008 008 260114s9999 xx 000 0 eng d
020 _a9780199894192
037 _aEBOOK
040 _aCRL
_beng
_cCRL
041 _aeng
_2eng
084 _qCRL
100 _aHunt
_9916389
245 4 _aThe Evolution of Social Wasps
260 _bOxford University PressOxford University Press
_c2010
856 _uhttps://academic.oup.com/book/3389
942 _cEBOOK
999 _c1508293
_d1508293